LOCAL GOVERNMENT: (Record no. 6535)
[ view plain ]
| 000 -LEADER | |
|---|---|
| fixed length control field | 00377nam a22001097a 4500 |
| 008 - FIXED-LENGTH DATA ELEMENTS--GENERAL INFORMATION | |
| fixed length control field | 200206b ||||| |||| 00| 0 eng d |
| 020 ## - INTERNATIONAL STANDARD BOOK NUMBER | |
| International Standard Book Number | 0765611287 |
| 082 ## - | |
| Classification number | 352. 140 097 3 WAT |
| 100 ## - MAIN ENTRY--PERSONAL NAME | |
| Personal name | WATSON, DOUGLAS J. (ed) |
| Titles and other words associated with a name | WATSON, DOUGLAS J. (ed)., AND HASSETT WENDY L. (ed) |
| 245 ## - TITLE STATEMENT | |
| Title | LOCAL GOVERNMENT: |
| Remainder of title | CURRENT ISSUES AND BEST PRACTICES |
| 260 ## - PUBLICATION, DISTRIBUTION, ETC. (IMPRINT) | |
| Place of publication, distribution, etc. | NEW YORK, |
| Name of publisher, distributor, etc. | M.E. SHARPE, |
| Date of publication, distribution, etc. | 2003. |
| Withdrawn status | Lost status | Source of classification or shelving scheme | Damaged status | Koha normalized classification for sorting | Not for loan | Home library | Current library | Date acquired | Total Checkouts | Full call number | Barcode | Date last seen | Price effective from | Koha item type |
|---|---|---|---|---|---|---|---|---|---|---|---|---|---|---|
| Dewey Decimal Classification | 352_000000000000000__140_097_3_WAT | Not For Loan | Dodoma | Dodoma | 06/02/2020 | 352. 140 097 3 WAT | 0000000017195 | 06/02/2020 | 06/02/2020 | BOOKS RESERVE |
